000 00448cam a2200181ua 4500
001 12168
008 200226n ii |||gr||||Z||||||eng
020 _a9788183761208
040 _cMAIN
082 _a351
100 _aP B Rathod,
_eAuthor.
245 _aComparative public administration
_cBy P B Rathod
250 _a1st ed.
260 _aJaipur:
_bABD publishers,
_c2007.
300 _a220p.
653 _aPublic administration
942 _cBK
999 _c10928
_d10928